[Event "HCL-A027"]
[Site "www.playchess.de"]
[Date "2001.02.09"]
[Round "14"]
[White "mariuszk"]
[Black "schachinfo_de"]
[WhiteElo "1975"]
[BlackElo "1414"]
[PlyCount "47"]
[Result "1-0"]

1.e4 e5 2.Nf3 Nc6 3.Bb5 a6 4.Bxc6 dxc6 5.O-O Bd6 
6.d4 Bg4 7.c3 Qd7 8.dxe5 Bxf3 9.Qxf3 Bxe5 10.Rd1 
Qe6 11.Bf4 Nf6 12.Nd2 O-O-O 13.Bg5 h6 14.Be3 Rhe8 
15.Qe2 Bd6 16.f3 Nd7 17.a4 f5 18.Qf1 fxe4 19.Nxe4 
Nf6 20.Nxd6+ Rxd6 21.Bd4 Qe2 22.b4 Qe7 23.Rde1 Re6 
24.Rxe6 1-0

[Event "HCL-A038"]
[Site "www.playchess.de"]
[Date "2001.02.09"]
[Round "1"]
[White "MarkusSSG"]
[Black "Lydeking"]
[WhiteElo "2380"]
[BlackElo "1700"]
[PlyCount "37"]
[Result "1-0"]

1.Nf3 c5 2.c4 Nf6 3.Nc3 g6 4.g3 d5 5.cxd5 Nxd5 
6.Bg2 Bg7 7.O-O O-O 8.Qa4 Nb6 9.Qh4 Nc6 10.d3 Nd4 
11.Ng5 h6 12.Nge4 Qc7 13.Be3 Nf5 14.Qf4 e5 15.Qf3 
Nd7 16.Nd5 Qc6 17.Qxf5 gxf5 18.Ne7+ Kh7 
19.Nxc6 1-0

[Event "HCL-A038"]
[Site "www.playchess.de"]
[Date "2001.02.09"]
[Round "5"]
[White "klypp"]
[Black "Lydeking"]
[WhiteElo "1700"]
[BlackElo "1700"]
[PlyCount "73"]
[Result "1-0"]

1.e4 c5 2.Nf3 d6 3.d4 Nf6 4.Nc3 cxd4 5.Nxd4 a6 
6.Be2 e5 7.Nb3 Be7 8.O-O O-O 9.f4 b5 10.Bf3 Bb7 
11.Qe1 Nbd7 12.Nd1 d5 13.exd5 e4 14.Bxe4 Nxe4 
15.Qxe4 Nf6 16.Qd3 Bxd5 17.Ne3 Qb6 18.Qd4 Qxd4 
19.Nxd4 Bc5 20.c3 Bb7 21.a4 b4 22.Nb3 Ba7 23.cxb4 
Nd5 24.Nc5 Nxb4 25.Nxb7 Nc2 26.Ra3 Nxa3 27.bxa3 
Rac8 28.Kf2 Rc3 29.Nd6 Rd8 30.Ne4 Rb3 31.Ng3 Rdd3 
32.Re1 Rb1 33.Ngf5 g6 34.Ke2 Rc3 35.Kd2 Rbb3 
36.Ne7+ Kg7 37.Bb2 1-0

[Event "HCL-A058"]
[Site "www.playchess.de"]
[Date "2001.02.09"]
[Round "13"]
[White "klypp"]
[Black "gbsr"]
[WhiteElo "2109"]
[BlackElo "1700"]
[PlyCount "41"]
[Result "1-0"]

1.e4 d6 2.d4 Nf6 3.Nc3 g6 4.f4 Bg7 5.Nf3 O-O 6.Be3 
Nbd7 7.e5 Ng4 8.Bg1 c5 9.h3 Nh6 10.g4 Qa5 11.Qe2 
Qb4 12.O-O-O Nb6 13.dxc5 dxc5 14.a3 Qa5 15.Qb5 
Qxb5 16.Bxb5 Be6 17.Bxc5 Nc8 18.Ng5 a6 19.Nxe6 
fxe6 20.Bc4 Kh8 21.Rhf1 1-0

[Event "HCL-A062"]
[Site "www.playchess.de"]
[Date "2001.02.09"]
[Round "1"]
[White "peze3"]
[Black "Rifleman"]
[WhiteElo "2168"]
[BlackElo "1700"]
[PlyCount "41"]
[Result "1-0"]

1.c4 e5 2.Nc3 Nf6 3.Nf3 Nc6 4.g3 d5 5.cxd5 Nxd5 
6.Bg2 Nxc3 7.bxc3 Bd6 8.O-O O-O 9.Qc2 Be6 10.d4 
exd4 11.Ng5 g6 12.Bxc6 bxc6 13.Nxe6 fxe6 14.cxd4 
Qd7 15.e4 e5 16.Bb2 exd4 17.Qc4+ Rf7 18.Qxd4 Rg7 
19.Rfd1 Re8 20.f4 Ree7 21.e5 1-0

[Event "HCL-B058"]
[Site "www.playchess.de"]
[Date "2001.02.09"]
[Round "8"]
[White "Axel"]
[Black "Pelikan"]
[WhiteElo "1500"]
[BlackElo "1221"]
[PlyCount "52"]
[Result "1/2-1/2"]

1.Nf3 d5 2.c4 e6 3.cxd5 exd5 4.d4 Nf6 5.Nc3 Be7 
6.Bg5 O-O 7.e3 c6 8.Be2 Re8 9.O-O Nbd7 10.Qc2 Nf8 
11.Ne5 Ng6 12.Nxg6 hxg6 13.Bd3 a6 14.h3 Be6 
15.Rac1 Qd6 16.Bf4 Qd7 17.Na4 Qd8 18.Nc5 Bc8 
19.Qe2 Bxc5 20.dxc5 Bf5 21.Bxf5 gxf5 22.Rfd1 Re6 
23.Bg5 Qe8 24.Bxf6 Rxf6 25.Qf3 Qe4 26.Qxe4 
fxe4 1/2-1/2

[Event "HCL-B070"]
[Site "www.playchess.de"]
[Date "2001.02.09"]
[Round "15"]
[White "Dictator"]
[Black "chessape"]
[WhiteElo "1075"]
[BlackElo "1314"]
[PlyCount "43"]
[Result "1-0"]

1.e4 e6 2.d4 d5 3.Nc3 dxe4 4.Nxe4 Bd7 5.c4 Bb4+ 
6.Bd2 Bxd2+ 7.Nxd2 Bc6 8.d5 exd5 9.cxd5 Bxd5 
10.Bb5+ c6 11.Qe2+ Ne7 12.Ba4 Bxg2 13.O-O-O Bxh1 
14.Nc4 Qc7 15.Ne5 O-O 16.Bc2 Rd8 17.Rxd8+ Qxd8 
18.Nxf7 Kxf7 19.Qc4+ Qd5 20.Qf4+ Ke8 21.Ne2 Nd7 
22.Bxh7 1-0

[Event "HCL-B101"]
[Site "www.playchess.de"]
[Date "2001.02.09"]
[Round "9"]
[White "Hubble"]
[Black "lostpawn2000"]
[WhiteElo "1733"]
[BlackElo "1704"]
[PlyCount "77"]
[Result "1-0"]

1.e4 c6 2.d4 d5 3.exd5 cxd5 4.Nf3 Nf6 5.Nc3 Bg4 
6.Be2 a6 7.O-O Qc7 8.Bg5 Nbd7 9.Ne5 Bxe2 10.Qxe2 
e6 11.Nxd7 Qxd7 12.f4 Be7 13.Rae1 h6 14.Bh4 Ne4 
15.Bxe7 Nxc3 16.bxc3 Qxe7 17.f5 Qd6 18.fxe6 O-O 
19.exf7+ Rxf7 20.Rxf7 Kxf7 21.Qh5+ Kf8 22.Rf1+ Kg8 
23.Qf7+ Kh7 24.Qxb7 Rb8 25.Qf7 Qg6 26.Qxd5 Qxc2 
27.Qf5+ Qxf5 28.Rxf5 Rb1+ 29.Kf2 Rb2+ 30.Kg3 Rxa2 
31.c4 Kg6 32.Rf2 Ra4 33.Rc2 Kg5 34.d5 Ra3+ 35.Kf2 
Rd3 36.Ke2 Rb3 37.c5 Kf6 38.c6 Ke7 
39.c7 1-0

[Event "HCL-B106"]
[Site "www.playchess.de"]
[Date "2001.02.09"]
[Round "27"]
[White "dogman"]
[Black "Hubble"]
[WhiteElo "1264"]
[BlackElo "1659"]
[PlyCount "50"]
[Result "0-1"]

1.d4 d5 2.c4 c6 3.Nc3 Bf5 4.Bf4 Nf6 5.Qb3 b6 6.Nf3 
e6 7.Bg5 Be7 8.e3 O-O 9.Be2 Nbd7 10.O-O Ne4 
11.Bxe7 Qxe7 12.Rad1 Ndf6 13.Ne5 Nxc3 14.Qxc3 Ne4 
15.Qb3 Rac8 16.f3 Nf6 17.g4 Bg6 18.h3 Nd7 19.f4 
Nxe5 20.fxe5 f6 21.exf6 Rxf6 22.Bd3 Bxd3 23.Qxd3 
Rcf8 24.b3 Qa3 25.Rd2 R6xf1+ 0-1

[Event "HCL-B112"]
[Site "www.playchess.de"]
[Date "2001.02.09"]
[Round "5"]
[White "ARM"]
[Black "xx"]
[WhiteElo "1032"]
[BlackElo "1500"]
[PlyCount "42"]
[Result "0-1"]

1.f4 d6 2.Nf3 c5 3.e3 Nc6 4.Bb5 Bd7 5.O-O a6 6.Be2 
Nf6 7.b3 e6 8.Bb2 Be7 9.c4 Qc7 10.Nc3 d5 11.d4 
cxd4 12.exd4 Qxf4 13.a3 dxc4 14.bxc4 O-O 15.Kh1 
Rfd8 16.d5 Na5 17.Nd4 Qc7 18.Qd3 Rac8 19.Ne4 Nxc4 
20.Nxf6+ Bxf6 21.Rxf6 gxf6 0-1

[Event "HCL-B118"]
[Site "www.playchess.de"]
[Date "2001.02.09"]
[Round "27"]
[White "class58"]
[Black "rdr220"]
[WhiteElo "1200"]
[BlackElo "1500"]
[PlyCount "61"]
[Result "1-0"]

1.d4 Nf6 2.Bf4 d5 3.e3 Bf5 4.Nf3 e6 5.c3 Bd6 6.Ne5 
Bxe5 7.Bxe5 Nbd7 8.Bxf6 Qxf6 9.Na3 c6 10.Be2 O-O-O 
11.O-O h5 12.c4 h4 13.cxd5 exd5 14.h3 g5 15.Rc1 
Kb8 16.b4 Qd6 17.Qb3 Rdg8 18.f3 Qg3 19.Bd3 Bxh3 
20.Rc2 Be6 21.b5 g4 22.bxc6 Nb6 23.Nb5 gxf3 24.Qa3 
a6 25.Qe7 Nd7 26.Rxf3 Qe1+ 27.Bf1 axb5 28.Qd6+ Ka7 
29.e4 Nb6 30.Ra3+ Na4 31.Qc5+ 1-0

[Event "HCL-B122"]
[Site "www.playchess.de"]
[Date "2001.02.09"]
[Round "4"]
[White "sarek"]
[Black "Gruhni"]
[WhiteElo "916"]
[BlackElo "1404"]
[PlyCount "100"]
[Result "0-1"]

1.e4 e5 2.Nf3 Nc6 3.Bc4 Bc5 4.c3 d6 5.b4 Bb6 6.d3 
Nf6 7.O-O O-O 8.Nbd2 d5 9.exd5 Nxd5 10.Bxd5 Qxd5 
11.Ne4 f5 12.c4 Qd8 13.Bg5 Qe8 14.Ng3 Bd4 15.Nxd4 
Nxd4 16.Re1 Qg6 17.f4 exf4 18.Bxf4 Ne6 19.Be5 b6 
20.Qf3 Rb8 21.Ref1 Bb7 22.Qh5 Qxh5 23.Nxh5 Rbc8 
24.Rae1 g6 25.Nf6+ Kf7 26.Nxh7 Rfd8 27.Red1 c5 
28.b5 Nd4 29.Ng5+ Kg8 30.Bxd4 Rxd4 31.Rfe1 Rg4 
32.Ne6 Rxg2+ 33.Kf1 Rxh2 34.a4 Re8 35.Ng5 Rxe1+ 
36.Kxe1 Rg2 37.Nh3 Bf3 38.Rd2 Rxd2 39.Kxd2 Kg7 
40.Ng5 Bg2 41.Ke3 Kf6 42.Nh7+ Ke5 43.Ng5 f4+ 
44.Kf2 Kf5 45.Nf7 f3 46.Nd6+ Kf4 47.Nc8 g5 48.Nxa7 
g4 49.Nc8 g3+ 50.Kg1 Kg4 0-1

[Event "HCL-B126"]
[Site "www.playchess.de"]
[Date "2001.02.09"]
[Round "27"]
[White "sarek"]
[Black "Stephen21"]
[WhiteElo "916"]
[BlackElo "1233"]
[PlyCount "54"]
[Result "0-1"]

1.e4 d5 2.exd5 Qxd5 3.Nc3 Qe6+ 4.Be2 Nc6 5.Nf3 Nf6 
6.O-O g6 7.d4 Qd6 8.Be3 Bf5 9.Qd2 Bg7 10.Bf4 Qd7 
11.Nb5 Nd5 12.c4 Nxf4 13.Qxf4 O-O 14.Rab1 Bxb1 
15.Rxb1 a6 16.Nxc7 Rad8 17.Nd5 e6 18.Nf6+ Bxf6 
19.Qxf6 Nxd4 20.Nxd4 Qxd4 21.Qe7 Qd2 22.Bf3 Qc2 
23.Re1 Rd2 24.Qc5 Qxb2 25.a3 b6 26.Qe3 Rfd8 27.h3 
R8d3 0-1

[Event "HCL-B128"]
[Site "www.playchess.de"]
[Date "2001.02.09"]
[Round "2"]
[White "darweyg"]
[Black "the_king"]
[WhiteElo "991"]
[BlackElo "922"]
[PlyCount "60"]
[Result "0-1"]

1.d4 d5 2.Nc3 Nf6 3.Nf3 b6 4.e3 Nc6 5.h3 e6 6.a3 
g6 7.Bb5 Bd7 8.Ne5 Nxe5 9.dxe5 Bxb5 10.Nxb5 Bg7 
11.exf6 Bxf6 12.Bd2 a6 13.Nd4 c5 14.Nf3 O-O 15.O-O 
Bxb2 16.Ra2 Bg7 {nice move}  17.c3 e5 18.Be1 e4 
19.Nh2 Qd6 20.c4 Rad8 21.Rd2 d4 22.Ng4 d3 23.Qb3 
f5 24.Nh2 f4 25.Ng4 h5 26.Nh2 fxe3 27.fxe3 Rxf1+ 
28.Kxf1 Qxh2 29.Qxb6 Rf8+ 30.Rf2 
Qh1+ 0-1

[Event "HCL-C071"]
[Site "www.playchess.de"]
[Date "2001.02.09"]
[Round "22"]
[White "GaryG"]
[Black "Silver_Fox"]
[WhiteElo "1453"]
[BlackElo "1000"]
[PlyCount "38"]
[Result "0-1"]

1.d4 f5 2.Nc3 d5 3.Bg5 Nf6 4.f3 e6 5.e4 fxe4 
6.fxe4 dxe4 7.Nxe4 Be7 8.Nxf6+ Bxf6 9.Qh5+ g6 
10.Bxf6 Qxf6 11.Qe5 Qxe5+ 12.dxe5 Nc6 13.Nf3 Bd7 
14.O-O-O O-O-O 15.Bd3 Nb4 16.Bc4 b5 17.Bb3 c5 
18.c3 Nc6 19.Rd6 c4 0-1

[Event "HCL-C071"]
[Site "www.playchess.de"]
[Date "2001.02.09"]
[Round "29"]
[White "Yogesh"]
[Black "GaryG"]
[WhiteElo "1038"]
[BlackElo "1453"]
[PlyCount "44"]
[Result "0-1"]

1.e4 e6 2.e5 d6 3.Nf3 Nc6 4.Bb5 dxe5 5.Nxe5 Qd5 
6.Bxc6+ bxc6 7.Qe2 Qxg2 8.Rf1 Bb4 9.c3 Bd6 10.Nxc6 
Qxc6 11.f4 Ne7 12.d3 Nf5 13.a3 Be7 14.a4 Nd4 
15.cxd4 Qxc1+ 16.Kf2 Qxf4+ 17.Ke1 Qc1+ 18.Kf2 Bh4+ 
19.Kf3 Bb7+ 20.Kg4 Qg5+ 21.Kh3 h5 22.Nd2 
Bc8 0-1

[Event "HCL-C090"]
[Site "www.playchess.de"]
[Date "2001.02.09"]
[Round "21"]
[White "mbshier"]
[Black "Colm"]
[WhiteElo "1000"]
[BlackElo "1243"]
[PlyCount "63"]
[Result "1-0"]

1.Nf3 b6 2.d4 e6 3.e3 Bb7 4.Bd3 Nf6 5.Nbd2 c5 
6.O-O Nc6 7.c3 Be7 8.Re1 d5 9.dxc5 Bxc5 10.b4 Bd6 
11.Bb2 O-O 12.a3 Rc8 13.Qb3 Qe7 14.c4 Rfd8 15.Qc2 
h6 16.Bc3 e5 17.Bf5 Rc7 18.Qb2 g6 19.Bd3 Qe6 20.b5 
Na5 21.Nxe5 Ne4 22.cxd5 Nxc3 23.dxe6 Bxe5 24.exf7+ 
Kxf7 25.Nf3 Bxf3 26.Bxg6+ {hi again!}  Kxg6 
27.gxf3 Nc4 28.Qc2+ Kg7 {hi}  29.Qf5 Rf8 {sorry 
I've been away}  30.Qh5 {welcome back}  Nd2 
31.Qxe5+ {too bad to do this blunder...the game 
was very intristing..sorry}  Kg8 {aggh !  when i 
set the postion up I had the K at h7 - damn !}  
32.Qxc7 1-0

[Event "HCL-C090"]
[Site "www.playchess.de"]
[Date "2001.02.09"]
[Round "30"]
[White "flywheel"]
[Black "Cooldude"]
[WhiteElo "1336"]
[BlackElo "952"]
[PlyCount "31"]
[Result "1-0"]

1.Nf3 Nc6 2.d4 d5 3.Nc3 Bf5 4.Bg5 h6 5.Bh4 g5 
6.Bg3 Bg7 7.e3 e6 8.Bb5 a6 9.Bxc6+ bxc6 10.Ne5 Ne7 
11.Qf3 Rf8 12.e4 dxe4 13.Nxe4 Qxd4 14.Nc3 Bxe5 
15.O-O Bg4 16.Bxe5 1-0

[Event "HCL-C108"]
[Site "www.playchess.de"]
[Date "2001.02.09"]
[Round "18"]
[White "helmet"]
[Black "Stefan"]
[WhiteElo "1222"]
[BlackElo "1322"]
[PlyCount "63"]
[Result "1-0"]

1.d4 d6 2.e4 Nf6 3.Nc3 g6 4.Bf4 Bg7 5.Nf3 O-O 
6.Bc4 Nbd7 7.O-O Re8 8.Ng5 e6 9.Qd2 Nb6 10.Bb3 d5 
11.e5 Nfd7 12.Qe3 f6 13.exf6 Nxf6 14.Nf3 a6 
15.Rfe1 Nc4 16.Bxc4 dxc4 17.Rad1 c6 18.b3 cxb3 
19.axb3 Qa5 20.Ne4 Nxe4 21.Qxe4 Bd7 22.Ne5 Rad8 
23.Bg5 Rdc8 24.h4 Bxe5 25.dxe5 Rc7 26.Re3 c5 27.h5 
Bc6 28.Qf4 Rg7 29.Bf6 Rf8 30.Qh6 Rff7 31.Rd8+ Qxd8 
32.Bxd8 1-0

[Event "HCL-C120"]
[Site "www.playchess.de"]
[Date "2001.02.09"]
[Round "31"]
[White "MarcoPolo"]
[Black "CrazyIan"]
[WhiteElo "1224"]
[BlackElo "1000"]
[PlyCount "21"]
[Result "1-0"]

1.d4 Nf6 2.Nf3 Ne4 3.Qd3 d5 4.Ne5 Nc6 5.c4 Nxe5 
6.dxe5 e6 7.Nd2 Bb4 8.a3 Nxf2 9.Kxf2 Bc5+ 10.Ke1 
Qg5 11.Nf3 1-0

[Event "HCL-C122"]
[Site "www.playchess.de"]
[Date "2001.02.09"]
[Round "4"]
[White "love_spuds"]
[Black "bazbaz"]
[WhiteElo "800"]
[BlackElo "1000"]
[PlyCount "32"]
[Result "0-1"]

1.e4 e5 2.f4 exf4 3.Nf3 Nf6 4.d3 Nc6 5.Bxf4 Bb4+ 
6.c3 Ba5 7.b4 Bb6 8.b5 Na5 9.c4 Ng4 10.Bg3 d6 
11.e5 f6 12.exd6 cxd6 13.Nc3 Qe7+ 14.Be2 Ne3 
15.Qd2 Nxg2+ 16.Kf1 Ne3+ 0-1

[Event "HCL-C126"]
[Site "www.playchess.de"]
[Date "2001.02.09"]
[Round "17"]
[White "waxneedles"]
[Black "pandatrax"]
[WhiteElo "733"]
[BlackElo "997"]
[PlyCount "41"]
[Result "1-0"]

1.d4 d5 2.c4 dxc4 3.Nc3 Nf6 4.e4 e5 5.dxe5 Qxd1+ 
6.Nxd1 Bb4+ 7.Nc3 Nxe4 8.Nge2 O-O 9.f3 Nc5 10.a3 
Bxc3+ 11.Nxc3 Re8 12.Bf4 Nd3+ 13.Bxd3 cxd3 14.Nb5 
Re7 15.O-O Nc6 16.Rfe1 d2 17.Bxd2 Nxe5 18.Bf4 f6 
19.Rad1 Bf5 20.Bxe5 fxe5 21.Nd4 1-0

[Event "HCL-C138"]
[Site "www.playchess.de"]
[Date "2001.02.09"]
[Round "17"]
[White "dg"]
[Black "locko"]
[WhiteElo "1049"]
[BlackElo "744"]
[PlyCount "41"]
[Result "1-0"]

1.e4 e5 2.Nf3 d6 3.Bc4 Be6 4.Bxe6 fxe6 5.O-O d5 
6.Qe2 c6 7.Nxe5 Bd6 8.exd5 cxd5 9.d4 Qb6 10.c3 Nf6 
11.Re1 Nbd7 12.Nxd7 Nxd7 13.Qxe6+ Kd8 14.Bg5+ Nf6 
15.Bxf6+ gxf6 16.Qxf6+ Kc7 17.Qf7+ Kc8 18.b4 Rf8 
19.Re8+ Rxe8 20.Qxe8+ Qd8 21.Qxd8+ 1-0

[Event "HCL-C142"]
[Site "www.playchess.de"]
[Date "2001.02.09"]
[Round "36"]
[White "kldr"]
[Black "lulu"]
[WhiteElo "1616"]
[BlackElo "1297"]
[PlyCount "49"]
[Result "1-0"]

1.d4 d5 2.Nf3 Nf6 3.e3 e6 4.c4 c5 5.Nc3 Be7 6.b3 
O-O 7.Bb2 cxd4 8.Nxd4 Nc6 9.Ncb5 Bb4+ 10.Nc3 Nxd4 
11.Qxd4 e5 12.Qxe5 Re8 13.Qd4 Re4 14.Qd3 d4 
15.O-O-O {Hello again, lulu.}  Bxc3 16.Bxc3 Bf5 
17.Bxd4 Qa5 18.Bxf6 gxf6 19.Qd2 Qc7 20.Bd3 Rd8 
21.Qc2 Qc6 22.f3 Red4 {hello sorry i did not give 
a better fight but the pawn advance in the d file  
got me in a mess}  23.exd4 {But you gave a good 
fight  and it´s still not over.}  Bg6 {if you say 
so}  24.Be4 {But of course I hope to win.}  Bxe4 
25.fxe4 1-0

[Event "HCL-C146"]
[Site "www.playchess.de"]
[Date "2001.02.09"]
[Round "12"]
[White "pajala"]
[Black "ictus"]
[WhiteElo "1174"]
[BlackElo "1152"]
[PlyCount "33"]
[Result "1-0"]

1.e4 e6 2.Nc3 d5 3.exd5 exd5 4.d4 Nc6 5.Nf3 Bg4 
6.Bb5 Qf6 7.Nxd5 Qe6+ 8.Ne3 O-O-O 9.d5 Bxf3 
10.Qxf3 Rxd5 11.Qxd5 Qxd5 12.Nxd5 Nd4 13.Bd3 Bd6 
14.O-O Ne7 15.Nxe7+ Bxe7 16.Re1 Bd6 
17.Be3 1-0

[Event "HCL-C148"]
[Site "www.playchess.de"]
[Date "2001.02.09"]
[Round "3"]
[White "surak"]
[Black "whoopingfunst"]
[WhiteElo "1235"]
[BlackElo "700"]
[PlyCount "22"]
[Result "1/2-1/2"]

1.e4 c5 2.c3 d6 3.d4 Nf6 4.Bd3 a6 5.Nf3 Be6 6.O-O 
c4 7.Bc2 d5 8.e5 Ne4 9.Re1 Bf5 10.Nbd2 Nxd2 
11.Bxd2 e6 1/2-1/2

[Event "HCL-C148"]
[Site "www.playchess.de"]
[Date "2001.02.09"]
[Round "16"]
[White "Buziness"]
[Black "Translightor"]
[WhiteElo "1001"]
[BlackElo "980"]
[PlyCount "86"]
[Result "0-1"]

1.e4 e5 2.Nf3 Nc6 3.Bb5 a6 4.Bxc6 dxc6 5.Nxe5 Qd4 
6.Nf3 Qxe4+ 7.Qe2 Qxe2+ {Okay, let's go again!}  
8.Kxe2 Bg4 9.h3 {C'est chaud!}  Bh5 10.g4 Bg6 
11.Ne5 Bxc2 12.d3 f6 13.Na3 Bxa3 14.bxa3 fxe5 
15.Bb2 O-O-O 16.Bxe5 Bxd3+ 17.Ke3 Nf6 18.g5 Rhe8 
19.Kf4 Nd5+ 20.Kg3 Rxe5 21.Rhe1 Rde8 22.Rxe5 Rxe5 
23.f4 Re4 24.f5 Re2 25.Kf3 Re3+ 26.Kf2 Rxh3 27.Re1 
Bxf5 28.Re8+ Kd7 29.Re5 Bg6 30.Kg2 Rxa3 31.Re1 
Rxa2+ 32.Kf3 c5 33.Kg4 c4 34.Re5 Kd6 35.Re1 c3 
36.Rc1 c2 37.Rxc2 Rxc2 38.Kf3 Bf5 39.Kg3 Ke5 40.g6 
Ke4 41.gxh7 Nf4 42.h8Q {%}  Rg2+ 43.Kh4 
Rg4+ 0-1

[Event "HCL-C148"]
[Site "www.playchess.de"]
[Date "2001.02.09"]
[Round "25"]
[White "German04"]
[Black "babycakes"]
[WhiteElo "1215"]
[BlackElo "661"]
[PlyCount "51"]
[Result "1-0"]

1.e4 c5 2.Nf3 Nc6 3.Nc3 e5 4.Nd5 Nf6 5.d3 Nxd5 
6.exd5 Nb4 7.Nxe5 Qe7 8.d4 f6 9.a3 fxe5 10.axb4 
cxb4 11.dxe5 Qxe5+ 12.Be2 b6 13.O-O Bd6 14.g3 O-O 
15.Bf3 Ba6 16.Re1 Qf6 17.Bg2 Qxf2+ 18.Kh1 Bb7 
19.Rf1 Qc5 20.Rxf8+ Rxf8 21.Rxa7 Rb8 22.Qg4 Bxd5 
23.Rxd7 Bxg2+ 24.Kxg2 Qxc2+ 25.Kh3 Qxc1 
26.Qxg7+ 1-0

[Event "HCL-E008"]
[Site "www.playchess.de"]
[Date "2001.02.09"]
[Round "7"]
[White "dogrib"]
[Black "BigL"]
[WhiteElo "2100"]
[BlackElo "2000"]
[PlyCount "26"]
[Result "0-1"]

1.e4 c5 2.Nf3 Nc6 3.d4 cxd4 4.Nxd4 Nf6 5.Nc3 d6 
6.Be2 e6 7.Be3 Be7 8.g4 Nxd4 9.Qxd4 O-O 10.g5 Nd7 
11.h4 Qa5 12.O-O-O a6 13.Rdg1 b5 0-1

[Event "HCL-E010"]
[Site "www.playchess.de"]
[Date "2001.02.09"]
[Round "4"]
[White "peze2"]
[Black "MarkusSSG"]
[WhiteElo "2000"]
[BlackElo "2344"]
[PlyCount "67"]
[Result "1-0"]

1.c4 c5 2.Nc3 Nc6 3.Nf3 e5 4.g3 g6 5.Bg2 Bg7 6.a3 
Nge7 7.Rb1 a5 8.O-O O-O 9.d3 d6 10.b3 h6 11.Bb2 f5 
12.e3 Be6 13.d4 cxd4 14.exd4 e4 15.d5 exf3 16.Bxf3 
Bf7 17.dxc6 bxc6 18.Na4 Bxb2 19.Rxb2 f4 20.g4 d5 
21.Re1 Qd6 22.Qd4 Rae8 23.Rbe2 Nc8 24.R2xe8 Rxe8 
25.Rxe8+ {Hallo Markus, ein paar Züge bitte noch.} 
 Bxe8 {kein Problem hätte ich auch nicht 
angenommen Gruss Markus}  26.cxd5 Bf7 27.Nc3 Qxa3 
28.dxc6 {Sorry Markus, aber ich denke, die Partie 
kann ich gewinnen. Gruß Peter}  Bxb3 29.Qd7 Qf8 
30.Bd5+ Bxd5 31.Nxd5 g5 32.c7 Kh8 33.Nf6 Ne7 
34.c8Q {%}  1-0

[Event "HCL-E010"]
[Site "www.playchess.de"]
[Date "2001.02.09"]
[Round "7"]
[White "arror"]
[Black "peze2"]
[WhiteElo "2000"]
[BlackElo "2000"]
[PlyCount "28"]
[Result "0-1"]

1.e4 e5 2.Nf3 Nf6 3.Nxe5 d6 4.Nf3 Nxe4 5.d4 d5 
6.Bd3 Bd6 7.O-O Bg4 8.Re1 f5 9.c3 O-O 10.Nbd2 Nd7 
11.Qb3 Nb6 12.a4 c5 13.Bb1 Nxd2 14.Nxd2 
Qh4 0-1

[Event "ACL-A048"]
[Site "www.playchess.de"]
[Date "2001.02.09"]
[Round "6"]
[White "COMETIN"]
[Black "Spiridonas"]
[WhiteElo "830"]
[BlackElo "1500"]
[PlyCount "28"]
[Result "0-1"]

1.d4 b6 2.e4 Bb7 3.Nc3 g6 4.h4 Bg7 5.Be3 d6 6.d5 
Bxc3+ 7.bxc3 Nf6 8.Bd3 Nbd7 9.Nf3 e6 10.c4 exd5 
11.cxd5 Qe7 12.Bg5 h6 13.Bxf6 Nxf6 14.c4 
Nxe4 0-1

[Event "ACL-A051"]
[Site "www.playchess.de"]
[Date "2001.02.09"]
[Round "2"]
[White "JayKay"]
[Black "Brrrr"]
[WhiteElo "1669"]
[BlackElo "1500"]
[PlyCount "90"]
[Result "0-1"]

1.e4 c5 2.d4 cxd4 3.c3 dxc3 4.Nxc3 d6 5.Nf3 e6 
6.Bc4 Nf6 7.O-O Be7 8.Bf4 O-O 9.Qe2 a6 10.Rfd1 Nc6 
11.Rac1 Qc7 12.Bb3 Rd8 13.Nd5 exd5 14.exd5 Bg4 
15.dxc6 bxc6 16.h3 Bh5 17.g4 Bg6 18.Nh4 Qb7 
19.Nxg6 hxg6 20.Rde1 Bf8 21.g5 Nh7 22.Qc4 Rac8 
23.Red1 d5 24.Qc3 Be7 25.h4 Nf8 26.Ba4 c5 27.Bb3 
Ne6 28.Be5 c4 29.Ba4 d4 30.Qd2 d3 31.Qe3 Bc5 
32.Qg3 Bd4 {Happy New Year! :-)}  33.Rcb1 {Je te 
souhaites moi aussi une bonne année!Comment 
vas-tu?}  Bxe5 {Je vais bien, merci. A maintenant, 
la partie nous attend.}  34.Qxe5 Nd4 35.Qe3 Ne2+ 
36.Kh2 Qb4 37.h5 gxh5 38.g6 Qd6+ 39.Kh1 Qxg6 
40.Qf3 Rd4 41.Qh3 Rg4 42.Bd7 Nf4 43.Bxg4 Nxh3 
44.Bxh3 Re8 45.Rdc1 d2 {=8>)}  0-1

[Event "ACL-A070"]
[Site "www.playchess.de"]
[Date "2001.02.09"]
[Round "22"]
[White "aldi"]
[Black "peze2"]
[WhiteElo "1500"]
[BlackElo "1986"]
[PlyCount "80"]
[Result "0-1"]

1.Nf3 Nf6 2.c4 e6 3.Nc3 c5 4.g3 b6 5.Bg2 Bb7 6.O-O 
a6 7.d4 cxd4 8.Qxd4 d6 9.Rd1 Be7 10.Ng5 Bxg2 
11.Kxg2 O-O 12.Nge4 Ne8 13.Be3 Nd7 14.Qd2 Qc7 
15.b3 Qc6 16.f3 {very close and tight game}  b5 
{...the calm before the storm! :-))}  17.cxb5 axb5 
18.Rac1 Qb7 19.Nf2 d5 20.Nce4 Nd6 21.Bf4 dxe4 
22.Bxd6 {do you use win me is it any better than 
98}  Bxd6 {'98' ???}  23.Qxd6 exf3+ 24.exf3 Nf6 
25.Rd2 Nd5 26.Qc6 Qb8 27.Ne4 Ra7 28.Rc5 b4 29.Kg1 
Qe5 30.Kf2 h6 31.h4 Rfa8 32.Rcc2 R7a5 33.Qd7 Kh7 
34.Qc6 Rd8 35.Rc4 f5 36.f4 Qb8 37.Nc5 Nxf4 38.Rdc2 
Nd3+ 39.Nxd3 Rxd3 40.Qc7 Qa8 0-1

[Event "ACL-A073"]
[Site "www.playchess.de"]
[Date "2001.02.09"]
[Round "22"]
[White "foxzy"]
[Black "Yogibear"]
[WhiteElo "1500"]
[BlackElo "1771"]
[PlyCount "58"]
[Result "0-1"]

1.e4 c6 2.Nc3 d5 3.d3 g6 4.Nf3 Bg7 5.e5 d4 6.Ne2 
c5 7.c3 Nc6 8.Bf4 Bg4 9.Qa4 Bxf3 10.gxf3 dxc3 
11.bxc3 Qd7 12.d4 f6 13.Rd1 Nxe5 14.Qxd7+ Nxd7 
15.Bh3 f5 16.Rg1 e5 17.dxe5 Nxe5 18.Bxe5 Bxe5 
19.f4 Bc7 20.Rg3 Rd8 21.Rxd8+ Kxd8 22.Rd3+ Kc8 
23.c4 Nf6 24.Kf1 Nh5 25.Rd5 b6 26.Bxf5+ gxf5 
27.Rxf5 Ng7 28.Rf7 Ne8 29.h4 Nd6 0-1

[Event "ACL-A074"]
[Site "www.playchess.de"]
[Date "2001.02.09"]
[Round "20"]
[White "chrisg"]
[Black "AragonMat"]
[WhiteElo "1784"]
[BlackElo "1500"]
[PlyCount "61"]
[Result "1-0"]

1.e4 e5 2.f4 exf4 3.Nf3 d6 4.Bc4 b6 5.d3 Qf6 6.Qd2 
Bg4 7.Qxf4 Qxf4 8.Bxf4 h6 9.Rf1 {nice to meet you 
again!}  Bxf3 {Same, again..}  10.Rxf3 Nf6 11.Nc3 
Nc6 12.Bb5 Kd7 13.Nd5 Ng4 14.Nb4 Rd8 15.Nxc6 Ra8 
16.Ne5+ Ke6 17.Nxg4 g5 18.Bd2 Bg7 19.Bc4+ Ke7 
20.Rxf7+ Kd8 21.Rxg7 Kc8 22.Bc3 Rf8 23.O-O-O Kb7 
24.Bd5+ Ka6 25.Bxa8 Rxa8 26.Rxc7 Rh8 27.Rf1 h5 
28.Ne3 g4 29.a4 Rg8 30.Rff7 h4 
31.Rcxa7+ 1-0

[Event "ACL-A078"]
[Site "www.playchess.de"]
[Date "2001.02.09"]
[Round "25"]
[White "guerino"]
[Black "peze3"]
[WhiteElo "1500"]
[BlackElo "1950"]
[PlyCount "42"]
[Result "0-1"]

1.e4 e5 2.Nf3 Nf6 3.Nxe5 d6 4.Nf3 Nxe4 5.d4 d5 
6.Bd3 Bd6 7.O-O Bg4 8.Re1 f5 9.c4 O-O 10.Nc3 Bxh2+ 
11.Kf1 Nc6 12.Nxd5 Bxf3 13.Qxf3 Nxd4 14.Qh3 Bd6 
15.Bxe4 fxe4 16.Rxe4 Nc2 17.Rb1 c6 18.Nc3 Rf7 
19.Rh4 Bc5 20.f3 Qd3+ {20. f3 ???}  21.Ne2 
Qd1+ 0-1

[Event "ACL-A076"]
[Site "www.playchess.de"]
[Date "2001.02.09"]
[Round "20"]
[White "dakini"]
[Black "rhonda202"]
[WhiteElo "1409"]
[BlackElo "1500"]
[PlyCount "35"]
[Result "1-0"]

1.e4 e5 2.f4 {Hi. let´s have a nice game! Where do 
you live in the USA?}  Nf6 {hi alright, i love 
chess! excellent i like a good game, :o)}  3.fxe5 
Nxe4 4.Nf3 {u call it kings gambit too, this 
opening?}  Bc5 {well actually i'm not sure ! , but 
i would have called it 4 knights defense, with 4 
knights,:o)}  5.d4 Bb6 6.Qe2 {time to sleep now, 
good night!}  c5 7.Qxe4 d5 8.d6+ Be6 9.d5 f5 
10.Qxe6+ Kf8 11.Bg5 Qd7 12.Ne5 Qxe6 13.dxe6 Ba5+ 
14.b4 Bxb4+ 15.c3 Ba5 16.e7+ Ke8 17.Bb5+ Nc6 {good 
game, as i know it's your  game i will resign on 
my next move i wanted to say thanks,take care.}  
18.d7+ 1-0

[Event "HCL-A066"]
[Site "www.playchess.de"]
[Date "2001.02.09"]
[Round "12"]
[White "BK_Chess"]
[Black "pawformation"]
[WhiteElo "1700"]
[BlackElo "1700"]
[PlyCount "50"]
[Result "0-1"]

1.e4 {Hello from BK Chess!  Check out my website 
at www.bkchess.com!}  c5 2.Nc3 {Hello!}  e6 {hi, 
how are you}  3.Bc4 {Doing well, how about you?}  
Nc6 4.Nf3 Bd6 5.O-O a6 6.a3 Nge7 7.d3 Bc7 8.Be3 d5 
9.exd5 exd5 10.Ba2 d4 11.Ng5 c4 12.Bxc4 
{Interesting game so far!}  Ne5 {I think so 
too.Never played one quite like it!}  13.Qh5 {Nice 
move!  I'll let you pick which piece to take ;-)}  
g6 {Can't take it yet...all those pieces directed 
at f7...}  14.Nge4 {Now which piece to take?  ;-)  
This looks crazy, but I'll try it out and see what 
happens!}  Nf5 15.Qe2 dxe3 16.fxe3 Nxc4 17.dxc4 
Be5 18.g4 Nh6 19.g5 Nf5 20.Nd5 Kf8 21.Rad1 h6 
22.Ndf6 Qc7 23.Qd3 Be6 24.c5 hxg5 25.Nd6 
Bxf6 0-1